000
00200 a2200097 4500
001
1191
100
_a
Steeds, W.
245
_a
Mechanics of road vehicles
260
_a
_b
Iliffe
_c
090
_c
753
_d
753
942
_a
NUST-CAE
_c
M
_c
34189
999
_c
236264
_d
236264